| 000 | 00487nam a2200193Ia 4500 | ||
|---|---|---|---|
| 003 | GCL | ||
| 008 | 140319s9999 xx 000 0 eng d | ||
| 040 |
_aGCL / _cGCL |
||
| 082 | 0 | 4 |
_a362.28 _bD S |
| 100 | 1 | _aDARKHEIM, EMILE | |
| 245 | 1 | 0 |
_aLE SUICIDE / _cDARKHEIM, EMILE |
| 260 |
_a[S.N] : _bPRESSES UNIVERSITAIRES DE FRANCE ، _c1997 |
||
| 300 | _a463 P | ||
| 650 | 0 | 4 | _aSOCIOLOGY |
| 650 | 0 | 4 | _aSUICIDE |
| 650 | 0 | 4 | _aSOCIAL SCIENCE |
| 650 | 0 | 4 | _aSOCIAL SECURITY |
| 942 |
_2ddc _cBK |
||
| 999 |
_c15191 _d15191 |
||